000 00342nam a2200133Ia 4500
001 960
008 241024s9999 xx 000 0 und d
082 _aRD/370.97293/ID19p/1
100 _aIDEICE
245 0 _aPlan Estratégico y Operativo Presupuesto 2010
260 _bSanto Domingo
_c2010
901 _a13/12/2010 2:41:36 p.m.
999 _c9147
_d9147